| 000 | 00617nam a2200205 i 4500 | ||
|---|---|---|---|
| 001 | bg | ||
| 003 | BPK | ||
| 005 | 20200508132901.0 | ||
| 008 | 000202s xxr f |000 0 rusod | ||
| 040 | _cBPK | ||
| 041 | _apol | ||
| 080 | _a53 | ||
| 100 | 1 |
_aLandau, Lew _d(1908-1968) _eAutor |
|
| 245 | 0 |
_aKvantovaja mechanika / _cL.D. Landau, E.M. Lifsic. |
|
| 260 |
_aMoskva, _c1972. |
||
| 650 | 4 | _aMechanika kwantowa | |
| 700 | 1 |
_aLifszyc, Jewgienij _d(1915-1985) _eAutor |
|
| 856 |
_uhttp://koha.tu.koszalin.pl/cgi-bin/koha/opac-detail.pl?biblionumber=25733 _yKatalog online BPK |
||
| 942 |
_cKS _2UKD |
||
| 999 |
_c25733 _d25733 |
||